| 000 | 00863nam a22002297a 4500 | ||
|---|---|---|---|
| 999 |
_c22683 _d22683 |
||
| 003 | OSt | ||
| 005 | 20230809103311.0 | ||
| 008 | 230807b ||||| |||| 00| 0 eng d | ||
| 040 |
_aMunicipalidad Provincial del Cusco _bspa _cBiblioteca Municipal del Cusco |
||
| 082 |
_aF / 641.8 / L74 _bL74 |
||
| 100 |
_aLoayza Chaca, Juan Manuel _948867 |
||
| 245 |
_aPerú sour / _cLoayza Chaca, Juan Manuel |
||
| 300 |
_a56 páginas ; _bfotos ; _c27.5 cm. |
||
| 505 | _aRecetas de los mejores cocteles -- Historia del Pisco sour -- Los mejores tragos con pisco. | ||
| 650 | 0 |
_948246 _aLicores |
|
| 650 | 0 |
_92178 _aPerú |
|
| 700 |
_aRosas Osorio Romero, Guillermo _eRedactor _948868 |
||
| 700 |
_aFlores Ferro, Julio _eCorrector y colaborador _948869 |
||
| 700 |
_aVega Palomino,Saul _eDiseño y diagramación _948870 |
||
| 942 |
_2ddc _cFOLLETOS |
||
| 945 |
_avcp _d2023-08-07 |
||